| 000 -LEADER |
| fixed length control field |
02297pam a2200457 a 4500 |
| 001 - CONTROL NUMBER |
| control field |
3468578 |
| 003 - CONTROL NUMBER IDENTIFIER |
| control field |
NUST |
| 005 - DATE AND TIME OF LATEST TRANSACTION |
| control field |
20170608095028.0 |
| 008 - FIXED-LENGTH DATA ELEMENTS--GENERAL INFORMATION |
| fixed length control field |
930126s1993 dcuab b f001 0 eng |
| 010 ## - LIBRARY OF CONGRESS CONTROL NUMBER |
| LC control number |
93016246 |
| 020 ## - INTERNATIONAL STANDARD BOOK NUMBER |
| International Standard Book Number |
0844407755 |
| 040 ## - CATALOGING SOURCE |
| Original cataloging agency |
DLC |
| Transcribing agency |
DLC |
| Modifying agency |
DLC |
| 043 ## - GEOGRAPHIC AREA CODE |
| Geographic area code |
f-so--- |
| 050 00 - LIBRARY OF CONGRESS CALL NUMBER |
| Classification number |
DT401.5 |
| Item number |
.S68 1993 |
| Classification number |
Z663.275.S66 |
| 051 ## - LIBRARY OF CONGRESS COPY, ISSUE, OFFPRINT STATEMENT |
| Classification number |
Z663.275 |
| Item number |
.S66 1993 |
| Copy information |
Copy 3. |
| 082 00 - DEWEY DECIMAL CLASSIFICATION NUMBER |
| Classification number |
967.73 |
| Edition number |
20 |
| Author Mark |
SOM 1993 |
| 245 00 - TITLE STATEMENT |
| Title |
Somalia : |
| Remainder of title |
a country study / |
| Statement of responsibility, etc. |
Federal Research Divsion, Library of Congress ; edited by Helen Chapin Metz. |
| 250 ## - EDITION STATEMENT |
| Edition statement |
4th ed. |
| 260 ## - PUBLICATION, DISTRIBUTION, ETC. |
| Place of publication, distribution, etc. |
Washington, D.C. : |
| Name of publisher, distributor, etc. |
Federal Research Divsion, Library of Congress : |
| -- |
For sale by the Supt. of Docs., U.S. G.P.O., |
| Date of publication, distribution, etc. |
1993. |
| 300 ## - PHYSICAL DESCRIPTION |
| Extent |
xxxvii, 282 p. ; |
| Other physical details |
ill., maps |
| Dimensions |
24 cm. |
| 440 #0 - SERIES STATEMENT/ADDED ENTRY--TITLE |
| Title |
Area handbook series, |
| International Standard Serial Number |
1057-5294 |
| 9 (RLIN) |
2188 |
| 440 #0 - SERIES STATEMENT/ADDED ENTRY--TITLE |
| Title |
DA pam ; |
| Volume/sequential designation |
550-86 |
| 9 (RLIN) |
2189 |
| 500 ## - GENERAL NOTE |
| General note |
"Research completed May 1992."(Photocopy) |
| 500 ## - GENERAL NOTE |
| General note |
Supercedes the 1982 ed. of Somalia : a country study, edited by Harold D. Nelson. |
| 501 ## - WITH NOTE |
| With note |
Photocopy |
| 504 ## - BIBLIOGRAPHY, ETC. NOTE |
| Bibliography, etc. note |
Includes bibliographical references (p. 237-259) and index. |
| 505 0# - FORMATTED CONTENTS NOTE |
| Formatted contents note |
Historical setting ; The society and its environment / [Said S. Samatar] -- The economy / [David D. Laitin] -- Government and politics / [Eric Hooglund] -- National security / [Thomas Ofcansky]. |
| 530 ## - ADDITIONAL PHYSICAL FORM AVAILABLE NOTE |
| Additional physical form available note |
Also available in digital form on the Library of Congress Web site and the Internet Archive Web site. |
| 651 #0 - SUBJECT ADDED ENTRY--GEOGRAPHIC NAME |
| Geographic name |
Somalia. |
| 9 (RLIN) |
2190 |
| 700 1# - ADDED ENTRY--PERSONAL NAME |
| Personal name |
Metz, Helen Chapin, |
| Dates associated with a name |
1928- |
| 9 (RLIN) |
2191 |
| 710 2# - ADDED ENTRY--CORPORATE NAME |
| Corporate name or jurisdiction name as entry element |
Library of Congress. |
| Subordinate unit |
Federal Research Division. |
| 9 (RLIN) |
2192 |
| 710 2# - ADDED ENTRY--CORPORATE NAME |
| Corporate name or jurisdiction name as entry element |
Thomas Leiper Kane Collection (Library of Congress. Hebraic Section) |
| Institution to which field applies |
DLC |
| 9 (RLIN) |
2193 |
| 856 41 - ELECTRONIC LOCATION AND ACCESS |
| Path |
frdcstdy |
| Electronic name |
somaliacountryst00metz_0 |
| Uniform Resource Identifier |
<a href="http://hdl.loc.gov/loc.gdc/cntrystd.so">http://hdl.loc.gov/loc.gdc/cntrystd.so</a> |
| 856 41 - ELECTRONIC LOCATION AND ACCESS |
| Uniform Resource Identifier |
<a href="http://hdl.loc.gov/loc.gdc/scd0001.00110249287">http://hdl.loc.gov/loc.gdc/scd0001.00110249287</a> |
| 906 ## - LOCAL DATA ELEMENT F, LDF (RLIN) |
| a |
7 |
| b |
cbc |
| c |
orignew |
| d |
1 |
| e |
ocip |
| f |
19 |
| g |
y-gencatlg |
| 942 ## - ADDED ENTRY ELEMENTS (KOHA) |
| Source of classification or shelving scheme |
|
| Koha item type |
Book |